| 000 | 01269na a2200337 4500 | ||
|---|---|---|---|
| 001 | 18004 | ||
| 003 | MIRAKIL | ||
| 005 | 20181213155002.0 | ||
| 008 | 161109b tu 000 0 | ||
| 020 | _a9751939913 | ||
| 040 |
_aMilas _btur _cTR-AnCHP |
||
| 041 | _atur | ||
| 082 |
_a338.9332 _bF55 2007 |
||
| 090 | _a338.9332 F55 2007 | ||
| 245 |
_aFinansal hizmetler (mali piyasalar, finans kurumları, bankacılık, sigortacılık) özel ihtisas komisyonu raporu _cDevlet Planlama Teşkilatı |
||
| 246 | 0 | _aMali piyasalar, finans kurumları, bankacılık, sigortacılık | |
| 260 |
_aAnkara _bDevlet Planlama Teşkilatı _c2007 |
||
| 300 |
_a149 s. _btbl.; grf. _c27 sm. |
||
| 440 |
_aDPT _v2704 |
||
| 490 |
_aÖİK _v659 |
||
| 500 | _aDokuzuncu kalkınma planı 2007-2013 | ||
| 610 | _aDevlet Planlama Teşkilatı (DPT) | ||
| 650 |
_aSigortacılık _xKalkınma planı, 2007 _yRaporlar |
||
| 650 |
_aKalkınma planları _zTürkiye |
||
| 650 |
_aFinans ekonomisi _xBankacılık _xKalkınma planı, 2007 _yRaporlar |
||
| 710 | _aDevlet Planlama Teşkilatı (DPT) | ||
| 740 | _aMali piyasalar, finans kurumları, bankacılık, sigortacılık | ||
| 830 | _aÖzel İhtisas Komisyonu | ||
| 830 | _aDevlet Planlama Teşkilatı Yayınları | ||
| 942 |
_2ddc _cBKS |
||
| 999 |
_c4338 _d4338 |
||